000 00725nam a2200241Ia 4500
003 OSt
005 20220918204231.0
006 a|||||r|||| 00| 0
007 ta
008 220917b |||||||| |||| 00| 0 eng d
024 _a111,649
037 _cTextual
040 _aARTS
_cARTS
_beng
041 _2eng
_aeng
082 _aV541:1:E9, E3;L6
100 _aDozy Reinhart
_9111213
245 0 _aSpanish Islam
_b A history of the Moslems in Spainsh translated with as bibliographical note by Francis Griffin Stokes
260 _aKarachi
_bKarimsons
_c1976
300 _axxxxvi, 769p.
_ccm.
650 _aHISTORY
942 _hV541:1:E9, E3;L6
_cTEXL
_2CC
999 _c234998
_d234998